| 000 | 00433nam a22001817a 4500 | ||
|---|---|---|---|
| 005 | 20231010132839.0 | ||
| 008 | 150416b xxu||||| |||| 00| 0 spa d | ||
| 041 | _aspa | ||
| 082 | _a155.23 C672p | ||
| 100 | _aCoelho, Paulo | ||
| 245 | _aEl peregrino | ||
| 260 |
_aArgentina _bPlaneta _c2003 |
||
| 300 | _a240 páginas | ||
| 650 | _aPERSONALIDAD | ||
| 650 | _aPLAN DE VIDA | ||
| 650 | _aSUPERACIÓN PERSONAL | ||
| 942 |
_cLIT _2ddc |
||
| 999 |
_c4715 _d4715 |
||